Responses for show #3146 - Monday, April 13, 1998

Contestants

[<< previous game]

Phil Ray, a graduate student from Lexington, Kentucky

Anne Finger, a college teacher from Detroit, Michigan

Marsha Allen, an astronomer originally from St. Louis, Missouri (whose 3-day cash winnings total $27,100)

[next game >>]

Jeopardy! Round responses

JUDAISM
BOND THEME SONGS
(Alex: An all audio category.)
ON THE AUCTION BLOCK
READ THE FOOD LABEL
(Alex: One of my favorites...)
STUPID ANSWERS
A"HA"
    $100 6
Mother

Marsha
    $100 2
["Thunderball"]

Tom Jones

Phil
    $100 26
Tyrannosaurus Rex

Anne
    $100 11
Fat

Marsha
    $100 17
Stairs

Marsha
    $100 1
Hawaii

Phil
    $200 7
Friday

Anne
    $200 3
["A View to a Kill"]

Duran Duran

Phil
    $200 27
Michael Jackson

Marsha
    $200 12
Calories

Phil
    $200 18
Watergate

Phil
    $200 16
Hallelujah

Phil
    $300 8
Rosh Hashanah

Triple Stumper
    $300 4
["You Only Live Twice"]

Nancy Sinatra

Marsha
    $300 28
Thomas Jefferson

Phil
    $300 13
Servings

Marsha
    $300 19
Theology

Phil
    $300 23
Harvard

Marsha
    $400 9
10

Anne
    $400 5
["For Your Eyes Only"]

Sheena Easton

Anne
    $1,000 29
Princess Diana

Phil
    $400 14
Sodium

Phil
    $400 20
Key West

Phil
    $400 24
Haberdashery

Marsha
    $500 10
Tallit (shawl)

Anne
    $500 15
["Goldfinger"]

Shirley Bassey

Marsha
    $500 30
Faberge

Marsha
    $500 22
Fiber

Marsha
    $500 21
(Marsha: What is chacalaca?)
...
(Alex: Phil, we can't get anything past you!)

Chachalaca

MarshaPhil
    $500 25
(Alex: And we have 1 minute to deal with ON THE AUCTION BLOCK.)

Hammurabi

Phil

Scores at the first commercial break (after clue 14):

Marsha Anne Phil
$800 $1,500 $1,000

Scores at the end of the Jeopardy! Round:

Marsha Anne Phil
$2,800 $1,600 $4,400

Double Jeopardy! Round responses

12-LETTER WORDS
BASEBALL
MEAT ME
IN ST. LOUIS
LOUIS
AT THE FAIR
(Alex: That has to do with state fairs; we'll tell you the city, you have to tell me the name of the state.)
    $200 10
Encyclopedia

Marsha
    $200 26
(we have about a minute to go...)

Braves

Marsha
    $200 8
(P: What is a camel?)

Bison/buffalo

MarshaPhil
    $200 6
Arch

Marsha
    $200 13
Provence

Marsha
    $200 1
Oregon

Phil
    $400 18
Neurosurgeon

Anne
    $3,500 29
Wrigley Field

Anne
    $400 19
Kangaroo

Phil
    $400 7
Scott Joplin

Anne
    $400 14
"Fat"

Phil
    $400 2
Virginia

Marsha
    $2,000 23
Welterweight

Phil
    $600 27
(M: Who was Roger Maris?)
(A: Who was Lou Gehrig?)

Mickey Mantle

MarshaAnne
Triple Stumper
    $600 20
Alligator

Anne
    $600 9
Chevrolet Corvette

Phil
    $600 15
Eleanor

Marsha
    $600 3
Mississippi

Marsha
    $800 24
Bachelorette

Marsha
    $800 28
Ken Griffey Jr.

Anne
    $800 21
Iguana

Anne
    $800 11
Ralston Purina

Marsha
    $800 16
John

Marsha
    $800 4
Missouri

Marsha
    $1000 25
Perambulator

Phil
    $1000 30
(Alex: Aha! None of you didn't want to touch that clue!)

San Diego Padres

Triple Stumper
    $1000 22
Capybara

Phil
    $1000 12
(M: What is the Smithsonian?)
(P: What is the St. Louis Museum of Natural History?)

St. Louis Zoo

MarshaPhil
Triple Stumper
    $1000 17
Louis XIV

Triple Stumper
    $1000 5
Maryland

Marsha

Scores at the end of the Double Jeopardy! Round:

Marsha Anne Phil
$8,000 $7,500 $8,800

[wagering suggestions for these scores]

Final Jeopardy! Round responses

FAMOUS AMERICANS
AnneWho is Martin Luther King, Jr.
$7,499
MarshaWho was
$7,500
PhilWho was Martin Luther King, Jr.?
$6,201
Martin Luther King, Jr.

Final scores:

Marsha Anne Phil
$500 $14,999 $15,001
3rd place: Pair of Wittnauer Watches 2nd place: Trip to Solnar Suites Resort, Cabo San Lucas, Mexico New champion: $15,001

Game dynamics:

Coryat scores:

Marsha Anne Phil
$8,000 $4,400 $6,800
24 R,
3 W
11 R
(including 1 DD),
1 W
20 R
(including 2 DDs),
2 W

Combined Coryat: $19,200

The J! Archive is created by fans, for fans. The Jeopardy! game show and all elements thereof, including but not limited to copyright and trademark thereto, are the property of Jeopardy Productions, Inc. and are protected under law. This website is not affiliated with, sponsored by, or operated by Jeopardy Productions, Inc. Join the discussion at JBoard.tv.